Sindbādnāma /

To most people Sindbad is the iconic hero of a collection of medieval tales about the adventurous travels of a sailor named Sindbad, known from the Arabian Nights . Composed of seven stories, the collection is all about the importance of personal initiative, courage, and perseverance to overcome pot...

وصف كامل

محفوظ في:

المؤلف الرئيسي: Samarqandī, Ẓahīrī (مؤلف)

مؤلفون آخرون: al-Dīnī, Sayyid Muḥammad-Bāqir Kamāl (المحرر)

التنسيق: كتاب الكتروني

اللغة: English
Persian

منشور في: Leiden; Boston : BRILL, [2019]

سلاسل: Miras Maktoob, ISBN: 9789004365452.

الموضوعات:

الوصول للمادة أونلاين: Login to view Source

الوسوم: إضافة وسم

لا توجد وسوم, كن أول من يضع وسما على هذه التسجيلة!

رقم الطلب: PK6495.K34

LEADER 02938nam a22005051i 4500
001 BRILL9789004402973
003 nllekb
005 20211118222532.0
006 m d
007 cr un uuuua
008 200305t20192013ne sb 001 0 eng d
020 |a 9789004402973  |q (electronic book) 
020 |a 9789646781726  |q (print) 
024 7 |a 10.1163/9789004402973  |2 DOI 
035 |z (OCoLC)57611646 
040 |a NL-LeKB  |c NL-LeKB  |e rda 
041 0 |a per  |b eng 
050 4 |a PK6495.K34 
072 7 |a HBJF1  |2 bicssc 
072 7 |a HIS  |x 003000  |2 bisacsh 
072 7 |a HIS  |x 026000  |2 bisacsh 
082 0 4 |a 398.22  |2 23 
100 1 |6 880-01  |a Samarqandī, Ẓahīrī,  |e author. 
880 1 |6 100-01/(3/r  |a سمرقندی ، محمد بن علی ظهیری,  |e author. 
245 1 0 |6 880-02  |a Sindbādnāma /  |c by Ẓahīrī Samarqandī ; (Edited by) Sayyid Muḥammad-Bāqir Kamāl al-Dīnī. 
880 1 0 |6 245-02/(3/r  |a سندبادنامه /  |c by محمد بن علي ظهيري سمرقندي ; (Edited by) محمدباقر کمال الدینی. 
264 1 |a Leiden;   |a Boston :  |b BRILL,  |c [2019] 
264 4 |c ©2013 
300 |a 1 online resource. 
336 |a text  |b txt  |2 rdacontent 
337 |a computer  |b c  |2 rdamedia 
338 |a online resource  |2 rdacarrier 
490 1 |a Miras Maktoob, ISBN: 9789004365452 
520 |a To most people Sindbad is the iconic hero of a collection of medieval tales about the adventurous travels of a sailor named Sindbad, known from the Arabian Nights . Composed of seven stories, the collection is all about the importance of personal initiative, courage, and perseverance to overcome potentially disastrous situations and always come out on top. But apart from Sindbad the sailor, there is another collection of stories around another Sindbad, less known to the modern western reader. This collection turns around a young prince who is exonerated from the false accusation of plotting against his father, the king, thanks to the wisdom and foresight of his tutor, a sage named Sindbad. The stories go back to a Middle Persian archetype, which was-besides Abān Lāḥiqī's (d. ca. 200/815) Arabic version-rendered into New Persian several times. From among these, Ẓahīrī Samarqandī's (6th/12th cent.) adaptation, here edited anew, is the only one to have survived. 
546 |a Persian. 
588 |a Description based on print version record. 
650 0 |a Vorstenspiegels. 
700 1 |a al-Dīnī, Sayyid Muḥammad-Bāqir Kamāl,  |e editor. 
776 0 8 |i Print version:  |t Sindbādnāma.  |d Leiden ; Boston : BRILL, 2019  |z 9789646781726 
830 0 |a Miras Maktoob, ISBN: 9789004365452. 
856 4 |z DOI:   |u http://dx.doi.org/10.1163/9789004402973 
880 0 |6 700-03/(3/r‪  |a محمدباقر کمال الدینی. 
942 |2 lcc  |c EBOOK 
952 |0 0  |1 0  |2 lcc  |4 0  |7 1  |9 23212  |a BRILL  |b BRILL  |d 2021-11-18  |l 0  |r 2021-11-18 00:00:00  |w 2021-11-18  |y EBOOK 
999 |c 40686  |d 40686